| 000 | 00658nam a22001697a 4500 | ||
|---|---|---|---|
| 003 | OSt | ||
| 005 | 20171010095439.0 | ||
| 008 | 120606t xxu||||| |||| 00| 0 eng d | ||
| 040 |
_aMMSU _cULS |
||
| 100 |
_aFontanilla, Corazon S., Udaundo, Jackelyn C. _910020 |
||
| 245 |
_aProposed procurement monitoring system for Mariano Marcos State University Bids and Awards Committee _cCorazon S. Fontanilla, Jackelyn C. Udaundo |
||
| 260 | _c2007 | ||
| 300 |
_axi, 98 leaves _c28 cm. |
||
| 500 | _aThesis (BS Computer Science) -- Mariano Marcos State University-College of Arts and Sciences, Batac City | ||
| 504 | _aBibliography: leaf 45 | ||
| 942 |
_2ddc _cTHEDIS |
||
| 999 |
_c9536 _d9536 |
||